000 01061nam a22003490a 4500
001 UByD002200
003 AR-LpoUNG
005 20231122205023.0
008 231122s2013||||ag |||||||||||||||||spa d
020 _a9789876282673
040 _aAR-LpoUNG
_bspa
_cAR-LpoUNG
_eaacr
041 _aspa
044 _aag
082 0 _a982.04 748tra
100 1 _aBotana, Natalio R.
245 1 3 _aLa tradición republicana :
_bAlberdi, Sarmiento y las ideas políticas de su tiempo
250 _a1ra. ed.
260 _aBuenos Aires :
_bEdhasa,
_c2013.
300 _a480 p. :
_bgráfs.
520 _aBiografía intelectual de dos vidas - las de Alberdi y Sarmiento - empeñadas en derrotar el desierto bárbaro. La tradición republicana define con exactitud un cuadro irrepetible de nuestra historia.
650 4 _aAMERICA
650 4 _aAUTORES
650 4 _aCULTURA
650 4 _aDEMOCRACIA
650 4 _aESTADO
650 4 _aEUROPA
650 4 _aIDEOLOGIAS
650 4 _aPOLITICA
650 4 _aREVOLUCION
905 _a7662
942 _cLIB
_2ddc
999 _c64715
_d64715